Pokémon Moves- Fire Type - Statistics

General Stats
  • This quiz has been taken 311 times
  • The average score is 33 of 47
Answer Stats
Hint Answer % Correct
I Ember
97%
I Flamethrower
97%
I Fire Punch
95%
I Fire Blast
93%
IV Fire Fang
91%
I Fire Spin
90%
IV Flare Blitz
88%
V Flame Charge
86%
III Blaze Kick
85%
III Eruption
83%
III Will-O-Wisp
83%
II Flame Wheel
82%
III Overheat
82%
V Inferno
81%
V Incinerate
80%
III Blast Burn
78%
III Heat Wave
78%
V Fire Pledge
76%
IV Lava Plume
75%
VII Fire Lash
74%
V Fusion Flare
73%
IV Magma Storm
73%
V V-Create
72%
VIII Pyro Ball
71%
II Sacred Fire
71%
II Sunny Day
71%
V Blue Flare
70%
V Flame Burst
69%
V Heat Crash
68%
VII Inferno Overdrive
67%
VIII Max Flare
67%
VI Mystical Fire
66%
IX Torch Song
66%
VII Burn Up
63%
IX Bitter Blade
60%
V Fiery Dance
59%
IX Armor Cannon
58%
VIII G-Max Wildfire
55%
V Searing Shot
55%
VII Mind Blown
54%
VIII Burning Jealousy
53%
VII Shell Trap
52%
VIII G-Max Centiferno
48%
VIII G-Max Fireball
48%
VIII Raging Fury
46%
IX Blazing Torque
45%
VII Sizzly Slide
38%
No matching quizzes found
Score Distribution
Percent of People with Each Score
Percentile by Number Answered
Your Score History
You have not taken this quiz